Eastenders Characters - Statistics

General Stats
  • This quiz has been taken 2,662 times
  • The average score is 25 of 51
Answer Stats
Hint Answer % Correct
Beale Ian
95%
Branning Max
90%
Moon Kat
89%
Mitchell Phil
87%
Moon Alfie
86%
Branning Lauren
78%
Beale Lucy
78%
Branning Jack
74%
Fox Denise
71%
Trueman Patrick
69%
Rickman Sharon
69%
Branning Abi
68%
Branning Dot
68%
Beale Bobby
67%
Cross Tanya
66%
Butcher Bianca
64%
Harris Mo
64%
Fox Kim
60%
Carter Shirley
60%
Rickman Dennis Jr
59%
Dean Whitney
59%
Ahmed Masood
57%
Butcher Tiffany
56%
Jackson Carol
55%
Mitchell Roxy
55%
Mitchell Billy
53%
Moon Tommy
48%
Butcher Janine
46%
Pearce Lola
46%
Butcher Liam
45%
Slater Jean
43%
Cross Cora
41%
Mitchell Jay
41%
Masood Tamwar
41%
Chubb Arthur "Fatboy"
38%
Pearce Lexi
37%
Moon Michael
37%
Branning Oscar
36%
Butcher Morgan
33%
Branning Amy
30%
Branning Alice
21%
Hartman Dexter
21%
Branning Joey
21%
Meadow Poppy
19%
Hartman Ava
18%
James Sam
18%
Ahmed AJ
17%
Moon Tyler
17%
Dixon Ray
16%
Moon Scarlett
15%
Branning Kirsty
8%
No matching quizzes found
Score Distribution
Percent of People with Each Score
Percentile by Number Answered
Your Score History
You have not taken this quiz